<?xml version="1.0" encoding="UTF-8"?>
<record
    xmlns:xsi="http://www.w3.org/2001/XMLSchema-instance"
    xsi:schemaLocation="http://www.loc.gov/MARC21/slim http://www.loc.gov/standards/marcxml/schema/MARC21slim.xsd"
    xmlns="http://www.loc.gov/MARC21/slim">

  <leader>00395nam a2200169   4500</leader>
  <controlfield tag="003">OSt</controlfield>
  <controlfield tag="008">240507b        |||||||| |||| 00| 0 eng d</controlfield>
  <datafield tag="020" ind1=" " ind2=" ">
    <subfield code="a">9789354246111</subfield>
  </datafield>
  <datafield tag="082" ind1=" " ind2=" ">
    <subfield code="a">006.31</subfield>
  </datafield>
  <datafield tag="100" ind1=" " ind2=" ">
    <subfield code="a">RAHUL, Kumar</subfield>
  </datafield>
  <datafield tag="245" ind1=" " ind2=" ">
    <subfield code="a">Machine Learning Using R</subfield>
  </datafield>
  <datafield tag="260" ind1=" " ind2=" ">
    <subfield code="a">New Delhi</subfield>
    <subfield code="b">Wiley India</subfield>
    <subfield code="c">2024</subfield>
  </datafield>
  <datafield tag="300" ind1=" " ind2=" ">
    <subfield code="a">430</subfield>
  </datafield>
  <datafield tag="650" ind1=" " ind2=" ">
    <subfield code="a">B.Tech(IT)</subfield>
  </datafield>
  <datafield tag="700" ind1=" " ind2=" ">
    <subfield code="a">Kumar, Dinesh U</subfield>
  </datafield>
  <datafield tag="942" ind1=" " ind2=" ">
    <subfield code="2">ddc</subfield>
    <subfield code="c">BK</subfield>
  </datafield>
  <datafield tag="999" ind1=" " ind2=" ">
    <subfield code="c">12658</subfield>
    <subfield code="d">12658</subfield>
  </datafield>
  <datafield tag="952" ind1=" " ind2=" ">
    <subfield code="0">0</subfield>
    <subfield code="1">0</subfield>
    <subfield code="2">ddc</subfield>
    <subfield code="4">0</subfield>
    <subfield code="7">0</subfield>
    <subfield code="8">BTECHIT</subfield>
    <subfield code="a">PIET</subfield>
    <subfield code="b">PIET</subfield>
    <subfield code="d">2024-04-06</subfield>
    <subfield code="e">Zaffa Books and Distributors</subfield>
    <subfield code="f">In Rupees</subfield>
    <subfield code="g">829.00</subfield>
    <subfield code="k">ZBD0005</subfield>
    <subfield code="l">0</subfield>
    <subfield code="o">006.31 RAM</subfield>
    <subfield code="p">37511</subfield>
    <subfield code="r">2024-05-07 00:00:00</subfield>
    <subfield code="v">601.24</subfield>
    <subfield code="w">2024-04-06</subfield>
    <subfield code="y">REF</subfield>
  </datafield>
  <datafield tag="952" ind1=" " ind2=" ">
    <subfield code="0">0</subfield>
    <subfield code="1">0</subfield>
    <subfield code="2">ddc</subfield>
    <subfield code="4">0</subfield>
    <subfield code="7">0</subfield>
    <subfield code="8">BTECHIT</subfield>
    <subfield code="a">PIET</subfield>
    <subfield code="b">PIET</subfield>
    <subfield code="d">2024-04-06</subfield>
    <subfield code="e">Zaffa Books and Distributors</subfield>
    <subfield code="f">In Rupees</subfield>
    <subfield code="g">829.00</subfield>
    <subfield code="k">ZBD0005</subfield>
    <subfield code="l">0</subfield>
    <subfield code="o">006.31 RAM</subfield>
    <subfield code="p">37512</subfield>
    <subfield code="r">2024-05-07 00:00:00</subfield>
    <subfield code="v">601.24</subfield>
    <subfield code="w">2024-04-06</subfield>
    <subfield code="y">BK</subfield>
  </datafield>
  <datafield tag="952" ind1=" " ind2=" ">
    <subfield code="0">0</subfield>
    <subfield code="1">0</subfield>
    <subfield code="2">ddc</subfield>
    <subfield code="4">0</subfield>
    <subfield code="7">0</subfield>
    <subfield code="8">BTECHIT</subfield>
    <subfield code="a">PIET</subfield>
    <subfield code="b">PIET</subfield>
    <subfield code="d">2024-04-06</subfield>
    <subfield code="e">Zaffa Books and Distributors</subfield>
    <subfield code="f">In Rupees</subfield>
    <subfield code="g">829.00</subfield>
    <subfield code="k">ZBD0005</subfield>
    <subfield code="l">0</subfield>
    <subfield code="o">006.31 RAM</subfield>
    <subfield code="p">37513</subfield>
    <subfield code="r">2024-05-07 00:00:00</subfield>
    <subfield code="v">601.24</subfield>
    <subfield code="w">2024-04-06</subfield>
    <subfield code="y">BK</subfield>
  </datafield>
  <datafield tag="952" ind1=" " ind2=" ">
    <subfield code="0">0</subfield>
    <subfield code="1">0</subfield>
    <subfield code="2">ddc</subfield>
    <subfield code="4">0</subfield>
    <subfield code="7">0</subfield>
    <subfield code="8">BTECHIT</subfield>
    <subfield code="a">PIET</subfield>
    <subfield code="b">PIET</subfield>
    <subfield code="d">2024-04-06</subfield>
    <subfield code="e">Zaffa Books and Distributors</subfield>
    <subfield code="f">In Rupees</subfield>
    <subfield code="g">829.00</subfield>
    <subfield code="k">ZBD0005</subfield>
    <subfield code="l">0</subfield>
    <subfield code="o">006.31 RAM</subfield>
    <subfield code="p">37514</subfield>
    <subfield code="r">2024-05-07 00:00:00</subfield>
    <subfield code="v">601.24</subfield>
    <subfield code="w">2024-04-06</subfield>
    <subfield code="y">BK</subfield>
  </datafield>
  <datafield tag="952" ind1=" " ind2=" ">
    <subfield code="0">0</subfield>
    <subfield code="1">0</subfield>
    <subfield code="2">ddc</subfield>
    <subfield code="4">0</subfield>
    <subfield code="7">0</subfield>
    <subfield code="8">BTECHIT</subfield>
    <subfield code="a">PIET</subfield>
    <subfield code="b">PIET</subfield>
    <subfield code="d">2024-04-06</subfield>
    <subfield code="e">Zaffa Books and Distributors</subfield>
    <subfield code="f">In Rupees</subfield>
    <subfield code="g">829.00</subfield>
    <subfield code="k">ZBD0005</subfield>
    <subfield code="l">1</subfield>
    <subfield code="o">006.31 RAM</subfield>
    <subfield code="p">37515</subfield>
    <subfield code="r">2024-12-24 00:00:00</subfield>
    <subfield code="s">2024-11-12</subfield>
    <subfield code="v">601.24</subfield>
    <subfield code="w">2024-04-06</subfield>
    <subfield code="y">BK</subfield>
  </datafield>
</record>
